Normal view MARC view

Entry Geographic Name

Number of records used in: 2

001 - CONTROL NUMBER

  • control field: 47307

003 - CONTROL NUMBER IDENTIFIER

  • control field: dpl

005 - DATE AND TIME OF LATEST TRANSACTION

  • control field: 20120517145405.0

008 - FIXED-LENGTH DATA ELEMENTS

  • fixed length control field: 120517|||a|||||| | ||| d

040 ## - CATALOGING SOURCE

  • Original cataloging agency: dpl
  • Transcribing agency: dpl

151 ## - HEADING--GEOGRAPHIC NAME

  • Geographic name: India |x |y 1000-1765 |x Historiography.
  • General subdivision: History

670 ## - SOURCE DATA FOUND

  • Source citation: Work cat.: (dpl): Singh, G. P. 47159, The evolution of historiographical tradition in ancient and medieval India / , 2011

670 ## - SOURCE DATA FOUND

  • Source citation: Work cat.: (dpl): Singh, G. P. 47159, The evolution of historiographical tradition in ancient and medieval India / , 2011

© Delhi Public Library
Hit Counter
free hit counter